Real Betis Balompié Current Squad - Statistics

General Stats
  • This quiz has been taken 3 times
  • The average score is 19 of 28
Answer Stats
# Postition Nation Player Name % Correct
7 FW Brazil Antony
100%
19 FW Colombia Cucho Hernández
100%
22 MF Spain Isco
100%
- Coach Chile Manuel Pellegrini
100%
10 FW Morocco Abde Ezzalzouli
67%
13 GK Spain Adrián San Miguel
67%
15 MF Mexico Álvaro Fidalgo
67%
1 GK Spain Álvaro Valles
67%
40 DF Spain Ángel Ortiz
67%
11 FW DR Congo Cédric Bakambu
67%
9 FW Argentina Chimy Ávila
67%
3 DF Spain Diego Llorente
67%
20 MF Argentina Giovani Lo Celso
67%
2 DF Spain Héctor Bellerín
67%
23 DF Dominican Republic Junior Firpo
67%
5 DF Spain Marc Bartra
67%
21 MF Spain Marc Roca
67%
4 DF Brazil Natan
67%
18 MF Colombia Nelson Deossa
67%
52 FW Spain Pablo García
67%
25 GK Spain Pau López
67%
12 DF Switzerland Ricardo Rodriguez
67%
17 MF Spain Rodrigo Riquelme
67%
14 MF Morocco Sofyan Amrabat
67%
16 DF Argentina Valentín Gómez
67%
24 DF Spain Aitor Ruibal
33%
8 MF Spain Pablo Fornals
33%
6 MF Spain Sergi Altimira
33%
No matching quizzes found
Score Distribution
Percent of People with Each Score
Percentile by Number Answered
Your Score History
You have not taken this quiz